000 02924nam a2200385 i 4500
003 DO-SdBNP
005 20250219074028.0
007 ta
008 220512e2021 dr ||||gr|||| 001 edspa d
020 _a9789945613940
040 _aDO-SdBNP
_bspa
_cBNPHU
_erda
041 _aspa
082 4 _a972.9305
_bL296e
_222
100 1 _aLantigua, José Rafael,
_4aut.
_eautor
_985376
245 1 0 _aEnseres y tramoyas :
_bcrónica con historia /
_cJosé Rafael Lantigua ; editor, Isael Pérez.
250 _aPrimera edición
264 4 _aSanto Domingo, R. D. :
_bArchivo General de la Nación,
_c©2021.
300 _a512 páginas ;
_c23 cm.
336 _atexto
_btxt
_2rdacontent
337 _asin mediación
_bn
_2rdamedia
338 _ardacarrier
_bvolumen
_2nc
490 0 _aArchivo General de la Nación ;
_v418
500 _aIncluye datos biográficos del autor en la solapa de la cubierta.
500 _aIncluye guía de lectura.
504 _aBibliografía : p. 479- 507.
505 0 _aEnseres domésticos.--
_tCrónicas en pequeño.--
_tTramoyas tramadas.--
_tGuía de lectua.--
505 0 _aUna recopilación de artículos sobre diversos temas como historia dominicana, literatura, política, cultura, Haití, Cuba, entre otros. José́ Rafael Lantigua (1949) fue Ministro de Cultura de la República Dominicana y Comisionado de la Feria Internacional del Libro de Santo Domingo de 2004 a 2012.LantiguaHa sido galardonado con numerosos premios literarios y culturales, entre ellos Premio Nacional de Periodismo, categoría Patrimonio Cultural (Club de Prensa Extranjera, 1989), Premio Nacional de Ensayo, Centenario de Duarte (1977), Caonabo de Oro (Asociación Dominicana de Periodistas y Escritores, 2000). ), Premio Pro-Cultura (Ateneo Amantes de la Luz, Santiago de los Caballeros, 2003), Premio Narciso González al Intelectual del Año (Taller literario Virgilio Díaz Grullón y Casa de Arte, Santiago de los Caballeros, 2003), Premio de la Academia (Academia Dominicana de la Lengua, 2003), entre otros. Ha publicado numerosos libros y artículos entre los que destacan: Domingo Moreno Jimenes, biografía de un poeta (1976), La conjura del tiempo, memorias del hombre dominicano (1994), La conducta literaria: el discurso fundacional (2008), Crónica de arte o el arte de la inducción cultural (2009), Venir con cuentos: muestrario del cuento dominicano (2012), y La palabra para ser dicha (2012), Espacios y resonancias (2016), Un encuentro con el comandante (2016), Iniciación de la tarde (2021) entre muchos otros.
590 _aInventariado 2022 / MF
651 0 _aRepública Dominicana
_xCivilización
_ySiglo XXI
_981297
651 0 _aRepública Dominicana
_xPolítica y gobierno
_y1961-
_9204
700 1 _aPérez, Isael,
_d1961-
_eed.
_91414
710 2 _aArchivo General de la Nación (República Dominicana)
_985400
910 _aMFeliz/Validado. Control de calidad MFF
942 _2ddc
_cLBS1
999 _c51707
_d51707